00513nam a22001697a 450000500170000001000150001702000260003203500130005803700130007108200080008410000170009224500710010926000560018027000370023630000200027350000500029320130614120633.0 aENG-107455 a9789381499023c795.00 aEN-90988 bDBAD/PUB a572 aSharma, S.K. aAnthropology :cby S.K.Sharmabdevelopment and modern challenges / aNew DelhibShakti Publishers and Distributorsc2011 aH-12, Jagat Puri,bDelhie110051 a264p.c22cm(Hb) aIncludes bibliographical references and index